000 00822cab a2200253 4500
001 WB3209-13
008 090401t1996 xxu||||| |||| 00| 0 eng d
035 _a(Sirsi) u40190
041 _aeng
245 _aPetrol stations
260 _c1996
350 _a0
490 _aGuardian
_v1 March 1996, 17
490 _aIndependent
_v1 March 1996, 15(2)
520 _aLooks at the future of petrol stations in the face of fierce price wars, resulting in many closures and the need for one company to differentiate itself from another by offering additional facilities, attractions and services.
650 _aBP-MOBIL PACT
650 _aBRITISH PETROLEUM
650 _aMOBIL
650 _aPETROL STATIONS
650 _aPRICE WARS
690 _aPROPERTY-COMMERCIAL PROPERTY
942 _n0
948 _c04/03/1997
999 _c25746
_d25746